Θέλω μόνο να σου ανήκω

Αποθηκεύτηκε σε:
Λεπτομέρειες βιβλιογραφικής εγγραφής
Κύριος συγγραφέας: Salter, James
Άλλοι συγγραφείς: Τζήμας, Γιώργος (Μεταφραστής)
Μορφή: Βιβλίο
Γλώσσα:Greek
English
Δημοσίευση: Αθήνα : Μεταίχμιο, c2001.
Σειρά:Ξένη λογοτεχνία (Μεταίχμιο)
Θέματα:
Ετικέτες: Προσθήκη ετικέτας
Δεν υπάρχουν, Καταχωρήστε ετικέτα πρώτοι!

MARC

LEADER 00000cam a2200000 i 4500
001 1/88519
008 051102s2001 gr | ||| |||| ||gre||
020 |a 9603752231 
035 |l 10081098 
040 |a GR-MyUA  |b gre  |e AACR2 
041 1 |a gre  |h eng 
082 0 |a 813.54  |2 (22) 
100 1 |a Salter, James. 
245 1 0 |a Θέλω μόνο να σου ανήκω /   |c Τζέιμς Σόλτερ ; μετάφραση Γιώργος Τζήμας.  
260 |a Αθήνα :   |b Μεταίχμιο,   |c c2001.  
300 |a 235 σ. ;   |c 20 εκ.  
490 1 |a (Ξένη λογοτεχνία)  
500 |a Τίτλος πρωτοτύπου: A sport and a pastime.  
650 0 0 |a Americans  |z France  |x Fiction. 
650 0 0 |a Sex customs  |x Fiction. 
700 1 |a Τζήμας, Γιώργος,  |e trl 
830 0 |a Ξένη λογοτεχνία (Μεταίχμιο) 
852 |a INST  |b SAMOS  |e 20051102  |h 813.54 SAL  |p 005300024993  |q 005300024993  |t BK  |y 0 
901 |a BIBL3-2005-3 
970 |a ΜΑΛΑΓΑΡΗ  |b ΦΩΤΕΙΝΗ  |z 2005/11/02